đŸŽ¶ Paroles "La grenade" Clara Luciani - Statistiques

Statistiques générales
  • Ce quiz a Ă©tĂ© pris 1 423 fois
  • Le rĂ©sultat moyen est 174 sur 204
Statistiques - réponses
Mots % Correct
grenade
99%
la
99%
lĂ 
99%
se
98%
HĂ©
97%
mon
97%
regarde
96%
T'
96%
t'
96%
Qu'
95%
qu'
95%
sous
95%
Sous
95%
tu
95%
ce
94%
est-
94%
que
94%
Que
94%
j'
93%
sein
93%
toi
93%
un
92%
une
90%
Une
90%
as
89%
qui
89%
femme
88%
jamais
86%
regardes ?
86%
vu
86%
ma
83%
bat
81%
je
81%
Je
81%
garde,
80%
garde
80%
Prends
80%
Et
76%
te
76%
Suis-
74%
suis
74%
moi
73%
Dans
71%
ne
70%
animal
68%
Comme
68%
comme
68%
en
66%
montrerai
62%
Mais
61%
aboie
60%
poitrine
58%
mords,
57%
blafarde
56%
Déguisé
55%
imagines ?
54%
nuit
54%
crois ?
52%
pas ?
52%
ville
52%
faire
50%
pourrais
49%
mal
48%
oui
46%
blesser,
45%
aussi
44%
Aussi
44%
frissonne
43%
madone
42%
Sais-
42%
soupçonnes
37%
sommeille
36%
vorace
36%
rage
35%
vivante
32%
Aucun quiz correspondant
Distribution des résultats
% des personnes avec chaque résultat
Percentile par nombre de réponses
Votre historique - résultats
Vous n’avez pas pris ce quiz